[Event "Challenge"]
[Site "http://www.queenalice.com/game.php?id=403552"]
[Date "2008.5.15"]
[Round "-"]
[White "ORNELAS"]
[Black "presidentdalsace"]
[Result "1-0"]
[WhiteElo "1556"]
[BlackElo "956"]

1. b3 d6 2. Bb2 Bg4 3. h3 Bh5 4. c4 e6 5. d4 d5 6. Nd2 dxc4 7. Nxc4 Bb4+ 8. Nd2
Nf6 9. a3 Bxd2+ 10. Qxd2 Qd5 11. Qd3 Bg6 12. Qc3 O-O 13. Nf3 Ne4 14. Qe3 Nc6 15.
g3 Rad8 16. Bg2 f5 17. O-O Qb5 18. a4 Qb4 19. Ba3 Qa5 20. Bxf8 Kxf8 21. Ng5 h6
22. Nxe6+ Ke7 23. Nxd8 Kxd8 24. Bxe4 fxe4 25. d5 Qxd5 26. Rad1 1-0

[Event "Challenge"]
[Site "http://www.queenalice.com/game.php?id=403579"]
[Date "2008.5.15"]
[Round "-"]
[White "Zizou"]
[Black "presidentdalsace"]
[Result "0-1"]
[WhiteElo "1163"]
[BlackElo "1023"]

1. e4 b6 2. d4 d6 3. b4 Nf6 4. e5 dxe5 5. dxe5 Nd5 6. a3 g6 7. Bb2 e6 8. Nf3 Bh6
9. Bb5+ c6 10. Bc4 Ba6 11. Bxa6 Nxa6 12. Nc3 O-O 13. O-O Bf4 14. Ne4 f6 15. exf6
Nxf6 16. Nxf6+ Rxf6 17. Qxd8+ Rxd8 18. Bxf6 Rd5 19. Rad1 Rf5 20. Rd8+ Kf7 21.
Bc3 Bc7 22. Rd7+ Ke8 23. Rxh7 g5 24. Re1 g4 25. Rxe6+ Kd8 26. Bf6+ Kc8 27. Re8+
Kb7 28. Bd8 Rd5 29. Bxc7 Nxc7 30. c4 Rd1+ 31. Re1 Rd3 32. c5 gxf3 33. Re3 Rd1+
34. Re1 Rxe1# 0-1

[Event "Challenge"]
[Site "http://www.queenalice.com/game.php?id=403580"]
[Date "2008.5.15"]
[Round "-"]
[White "presidentdalsace"]
[Black "Zizou"]
[Result "0-1"]
[WhiteElo "1071"]
[BlackElo "1114"]

1. d3 e5 2. h4 d5 3. Qd2 Nc6 4. Nf3 Nf6 5. b3 Bb4 6. c3 Bd6 7. Qg5 Bg4 8. Qxg7
Ke7 9. Bg5 Ke6 10. Qxf6+ Kd7 11. Qxf7+ Ne7 12. g3 Rf8 13. Qxh7 c5 14. Bh3 Bxh3
15. Rxh3 e4 16. dxe4 Qa5 17. e5 Rh8 18. Qg7 Rhg8 19. Qh7 Rh8 20. Qd3 Bc7 21. Qe3
Rhe8 22. e6+ Kd6 23. Bf4+ Kc6 24. Bxc7 Qxc7 25. Ne5+ Kb5 26. a4+ Ka5 27. c4 d4
28. Qd2+ Kb6 29. Nd7+ Kc6 30. e3 dxe3 31. Qd5+ Nxd5 32. cxd5+ Kxd5 33. Nf6+ Kxe6
34. Nxe8 Rxe8 35. fxe3 Qe5 36. g4 Qxa1 0-1

[Event "Challenge"]
[Site "http://www.queenalice.com/game.php?id=406293"]
[Date "2008.5.21"]
[Round "-"]
[White "Willian_Filosopher"]
[Black "presidentdalsace"]
[Result "0-1"]
[WhiteElo "1349"]
[BlackElo "1192"]

1. e4 d6 2. Nf3 e6 3. d4 Ne7 4. Be3 g6 5. Bf4 b6 6. e5 dxe5 7. Bxe5 Rg8 8. c4 g5
9. Qd2 Bh6 10. Nh4 Nf5 11. Nxf5 exf5 12. Nc3 Nc6 13. d5 Nxe5 14. Rd1 Bb7 15. Be2
Qf6 16. Nb5 g4 17. Qd4 O-O-O 18. Nxa7+ Kb8 19. Nb5 c5 20. Qc3 Rge8 21. Qa3 f4
22. g3 fxg3 23. hxg3 Nf3+ 24. Kf1 Nd4 25. Nxd4 cxd4 26. Bxg4 d3 27. Qxd3 Qxb2
28. Rxh6 Re7 29. Rxh7 Bc8 30. Bxc8 Kxc8 31. Qb3 Qe2+ 32. Kg1 Re5 33. Rxf7 Qh5
34. f4 Re2 35. Rh7 Qxh7 36. Qf3 Qh2+ 0-1

[Event "Challenge"]
[Site "http://www.queenalice.com/game.php?id=410584"]
[Date "2008.5.30"]
[Round "-"]
[White "presidentdalsace"]
[Black "Zizou"]
[Result "1-0"]
[WhiteElo "1139"]
[BlackElo "1255"]

1. Nc3 e5 2. e4 Nf6 3. g3 d5 4. Nxd5 Nxd5 5. exd5 Qxd5 6. c4 Qd8 7. Qh5 g6 8.
Qxe5+ Qe7 9. Nf3 Qxe5+ 10. Nxe5 Bb4 11. a3 Bc5 12. Nd3 Bf5 13. Nxc5 O-O 14. Bd3
Re8+ 15. Kf1 Nd7 16. Nxd7 Bxd7 17. b4 Bf5 18. Bxf5 gxf5 19. c5 Rad8 20. Kg2 b5
21. cxb6 axb6 22. a4 h5 23. a5 Ra8 24. a6 c5 25. bxc5 bxc5 26. d3 f6 27. Be3 Re6
28. a7 Rc6 29. Rhb1 c4 30. Rb8+ Rxb8 31. axb8=Q+ 1-0

[Event "Bon Chance!"]
[Site "http://www.queenalice.com/game.php?id=416770"]
[Date "2008.6.13"]
[Round "-"]
[White "RichardN"]
[Black "presidentdalsace"]
[Result "1-0"]
[WhiteElo "1415"]
[BlackElo "1214"]

1. e4 d6 2. Nc3 Nf6 3. Bb5+ c6 4. Bc4 d5 5. exd5 cxd5 6. Bb5+ Nc6 7. Nf3 g6 8.
Ne5 Qd6 9. d4 Qb4 10. Nxc6 Qd6 11. Ne5+ Kd8 12. Nxf7+ 1-0

[Event "AUTO-OPEN-1160"]
[Site "http://www.queenalice.com/game.php?id=416817"]
[Date "2008.6.13"]
[Round "1"]
[White "Dcanti"]
[Black "presidentdalsace"]
[Result "0-1"]
[WhiteElo "1577"]
[BlackElo "1281"]

1. d4 e6 2. Nc3 Nf6 3. Nf3 b6 4. e4 Bb7 5. Bd3 Nc6 6. e5 Nd5 7. O-O Qe7 8. Nxd5
exd5 9. Qd2 O-O-O 10. c3 f6 11. exf6 gxf6 12. Re1 Qd6 13. Qf4 Qxf4 14. Bxf4 h5
15. Nh4 Rg8 0-1

[Event "AUTO-OPEN-1160"]
[Site "http://www.queenalice.com/game.php?id=416818"]
[Date "2008.6.13"]
[Round "1"]
[White "presidentdalsace"]
[Black "Dcanti"]
[Result "1-0"]
[WhiteElo "1309"]
[BlackElo "1549"]

1. d3 d5 2. Nf3 Nf6 3. g3 Nc6 4. Bf4 e6 5. Nc3 Bb4 6. Bg2 Bxc3+ 7. bxc3 O-O 8.
O-O d4 9. cxd4 Nxd4 10. Nxd4 Qxd4 11. e3 Qc3 12. Qb1 e5 13. Bg5 Nd5 14. Qb5 Qc6
15. Qxd5 Qxd5 16. Bxd5 h6 17. Be7 1-0

[Event "AUTO-OPEN-1160"]
[Site "http://www.queenalice.com/game.php?id=416845"]
[Date "2008.6.13"]
[Round "1"]
[White "Maffu"]
[Black "presidentdalsace"]
[Result "0-1"]
[WhiteElo "1666"]
[BlackElo "1206"]

1. d4 e6 2. Nc3 Nf6 3. Bg5 b6 4. f3 Nc6 5. e4 h6 6. Bh4 g5 7. Bg3 Bg7 8. Bb5 a6
9. Bxc6 dxc6 10. Qd2 a5 11. f4 gxf4 12. Bxf4 Ba6 13. Nge2 Nd7 14. O-O h5 15.
Rae1 h4 16. Rf2 h3 17. g3 c5 18. d5 e5 19. Bg5 f6 20. Bh4 Bh6 21. Qd1 Be3 22. d6
Bxf2+ 23. Kxf2 c6 24. a4 Qb8 25. Nb1 b5 26. axb5 cxb5 27. Nd2 Qb6 28. Nf3 c4+
29. Kf1 Rd8 30. g4 Qe3 31. Nc3 Qf4 32. Kf2 Qxg4 33. Rg1 Qe6 34. Nd5 Qxd6 35. Qa1
Qc5+ 36. Kf1 c3 37. Nxf6+ Nxf6 38. Bxf6 b4+ 39. Ke1 Qe3# 0-1

[Event "AUTO-OPEN-1160"]
[Site "http://www.queenalice.com/game.php?id=416846"]
[Date "2008.6.13"]
[Round "1"]
[White "presidentdalsace"]
[Black "Maffu"]
[Result "0-1"]
[WhiteElo "1175"]
[BlackElo "1697"]

1. e4 g6 2. Nf3 Bg7 3. Bc4 e6 4. Ng5 Qxg5 5. h4 Qxg2 6. Ke2 Qxe4+ 7. Kf1 Qxc4+
8. d3 Qc6 9. f3 b6 10. h5 Bb7 11. Rh3 d6 12. hxg6 hxg6 13. Rxh8 Bxh8 14. Qd2
Qxf3+ 15. Ke1 Qh1+ 0-1

[Event "AUTO-OPEN-1160"]
[Site "http://www.queenalice.com/game.php?id=416865"]
[Date "2008.6.13"]
[Round "1"]
[White "presidentdalsace"]
[Black "vagner_pirai"]
[Result "0-1"]
[WhiteElo "1225"]
[BlackElo "1654"]

1. d3 d5 2. g3 e5 3. Nf3 Nc6 4. b3 Nf6 5. e3 Bg4 6. Be2 Bxf3 7. Bxf3 Bb4+ 8. Bd2
Qe7 9. c3 Bd6 10. e4 d4 11. cxd4 Nxd4 12. O-O O-O 13. Bg5 h6 14. Bxf6 Qxf6 15.
Nd2 Bb4 16. Bg2 Bxd2 17. Qxd2 Rfd8 18. Qa5 b6 19. Qa6 c5 20. f4 exf4 21. Rxf4
Ne2+ 22. Kh1 Nxf4 23. gxf4 Qxa1+ 0-1

[Event "AUTO-OPEN-1160"]
[Site "http://www.queenalice.com/game.php?id=416866"]
[Date "2008.6.13"]
[Round "1"]
[White "vagner_pirai"]
[Black "presidentdalsace"]
[Result "1-0"]
[WhiteElo "1550"]
[BlackElo "1175"]

1. e4 d6 2. d4 Nf6 3. Nc3 Bg4 4. Be2 Bxe2 5. Ngxe2 g6 6. O-O h5 7. Bg5 h4 8. Nf4
Nc6 9. Re1 e5 10. Nfd5 Rh5 11. Nxf6+ Ke7 12. Nxh5+ f6 13. Bxf6+ 1-0

[Event "AUTO-BEG-224"]
[Site "http://www.queenalice.com/game.php?id=416941"]
[Date "2008.6.13"]
[Round "1"]
[White "presidentdalsace"]
[Black "Zizou"]
[Result "1-0"]
[WhiteElo "1249"]
[BlackElo "1360"]

1. e4 e5 2. b3 Nf6 3. Bb2 d6 4. Nc3 Bg4 5. f3 Be6 6. Qe2 Nc6 7. Qb5 Rb8 8. O-O-O
Qd7 9. Qa4 a6 10. b4 Nd4 11. Qxd7+ Bxd7 12. g4 b5 13. Nd5 Nxd5 14. exd5 g6 15.
c3 Nxf3 16. Nxf3 Bxg4 17. Be2 f5 18. h3 Bh5 19. Rhe1 Bh6 20. h4 e4 21. Ng5 Bxg5
22. hxg5 Bxe2 23. Rxe2 h5 24. gxh6 Rxh6 25. d3 Rh3 26. dxe4 Kf7 27. exf5 gxf5
28. Rf2 Kg6 29. Rg1+ Kf6 30. c4+ Kf7 31. cxb5 axb5 32. Rxf5+ Ke7 33. Re1+ Kd7
34. Rf7+ Kc8 35. Bf6 Rc3+ 36. Bxc3 1-0

[Event "AUTO-BEG-224"]
[Site "http://www.queenalice.com/game.php?id=416942"]
[Date "2008.6.13"]
[Round "1"]
[White "Zizou"]
[Black "presidentdalsace"]
[Result "1-0"]
[WhiteElo "1349"]
[BlackElo "1236"]

1. e4 d6 2. Nc3 Nf6 3. d4 Bg4 4. Be2 Bxe2 5. Qxe2 Nc6 6. Nf3 g6 7. Bg5 Nb4 8.
Qb5+ c6 9. Qxb4 a5 10. Qxb7 Rb8 11. Qxc6+ Nd7 12. Nd5 h6 13. Nc7+ Qxc7 14. Qxc7
hxg5 15. e5 dxe5 16. Nxe5 Rd8 17. Qxa5 f6 18. Nxg6 Rg8 19. Nxf8 Rxf8 20. O-O-O
Kf7 21. Qd5+ Kg7 22. Rhe1 Nb6 23. Qa5 Nc4 24. Rxe7+ Rf7 25. Rxf7+ Kxf7 26. Qxd8
Nxb2 27. Kxb2 g4 28. Re1 g3 29. Qe7+ Kg6 30. Qe4+ f5 31. Qe6+ Kg5 32. fxg3 f4
33. Re5# 1-0

[Event "AUTO-BEG-224"]
[Site "http://www.queenalice.com/game.php?id=416943"]
[Date "2008.6.13"]
[Round "1"]
[White "presidentdalsace"]
[Black "Borsssoi"]
[Result "1-0"]
[WhiteElo "1158"]
[BlackElo "1346"]

1. e3 f5 2. Qh5+ g6 3. Qh4 e5 4. Qg3 b6 5. Qxe5+ Qe7 6. Qxh8 Nf6 7. b3 Qg7 8.
Qxg7 Bxg7 9. Nf3 Bb7 10. a4 Na6 11. Bxa6 Bxa6 12. b4 b5 13. axb5 Bxb5 14. Nc3 c6
15. Nxb5 Nd5 16. c4 cxb5 17. Rb1 bxc4 18. b5 a6 19. b6 a5 20. b7 Rb8 21. Ng5 Nb4
22. Nxh7 Be5 23. f4 Bd6 24. O-O Nd3 25. Rb6 Bc5 26. Rxg6 Kd8 27. Rg5 Kc7 28.
Rxf5 a4 29. Rxc5+ Nxc5 30. Ba3 Nb3 31. f5 Nxd2 32. Rd1 Ne4 33. Rd4 Nc3 34. Rxc4+
Kxb7 35. Rxc3 Ka6 36. f6 Rh8 37. f7 Rxh7 38. f8=Q d5 39. Qc8+ Kb6 40. Qc6+ Ka7
41. Bc5+ Kb8 42. Qb6+ Rb7 43. Qd8# 1-0

[Event "AUTO-BEG-224"]
[Site "http://www.queenalice.com/game.php?id=416944"]
[Date "2008.6.13"]
[Round "1"]
[White "Borsssoi"]
[Black "presidentdalsace"]
[Result "1-0"]
[WhiteElo "1401"]
[BlackElo "1158"]

1. f4 e6 2. g3 c6 3. Nf3 Qb6 4. e3 d5 5. b3 Nd7 6. Bb2 c5 7. d4 Ngf6 8. Ne5 Nxe5
9. dxe5 Ne4 10. Nd2 Nxd2 11. Qxd2 Qc6 12. O-O-O a5 13. e4 d4 14. Qd3 a4 15. Qb5
Qxb5 16. Bxb5+ Bd7 17. Bxd7+ Kxd7 18. c3 axb3 19. axb3 Ke8 20. Rd2 dxc3 21. Bxc3
Ra1+ 22. Bxa1 b6 23. Rhd1 Be7 24. f5 Bg5 25. h4 Be3 26. Kc2 Bxd2 27. Rxd2 Ke7
28. f6+ gxf6 29. exf6+ Kf8 30. Rd8# 1-0

[Event "Challenge"]
[Site "http://www.queenalice.com/game.php?id=417113"]
[Date "2008.6.13"]
[Round "-"]
[White "Tchecmaurice"]
[Black "presidentdalsace"]
[Result "1-0"]
[WhiteElo "1499"]
[BlackElo "1168"]

1. Nf3 d5 2. d4 Qd6 3. g3 Qc6 4. Nc3 Nf6 5. Bf4 b6 6. e3 e6 7. Bb5 Qxb5 8. Nxb5
Na6 9. Bxc7 Bd7 10. a4 Rc8 11. Be5 Nb4 12. O-O Nxc2 13. Nd6+ Bxd6 14. Bxd6 Nxa1
15. Qxa1 Rc6 16. Be5 Rc4 17. b3 Rc2 18. Rc1 Rxc1+ 19. Qxc1 O-O 20. Qc7 Rc8 21.
Qxa7 Rc1+ 22. Kg2 h6 23. Bxf6 gxf6 24. Qxd7 1-0

[Event "QA-ANNIV-04"]
[Site "http://www.queenalice.com/game.php?id=418424"]
[Date "2008.6.16"]
[Round "1"]
[White "presidentdalsace"]
[Black "thw"]
[Result "0-1"]
[WhiteElo "1177"]
[BlackElo "1910"]

1. e4 e6 2. Nc3 d5 3. exd5 exd5 4. d4 Nf6 5. Bf4 Bb4 6. Qe2+ Be6 7. O-O-O Bxc3
8. bxc3 O-O 9. Be5 Nbd7 10. Bxf6 Nxf6 11. h4 Qd6 12. h5 h6 13. g4 Bxg4 14. f3
Bf5 15. Qg2 Qa3+ 16. Kd2 Qxa2 17. Ne2 Qxc2+ 18. Ke1 Rae8 19. Rg1 Qxc3+ 20. Kf2
Qe3+ 21. Ke1 Nxh5 22. f4 Be4 23. Qh3 Qxh3 24. Bxh3 Bf3 25. Rd2 Bxe2 26. Rxe2
Rxe2+ 27. Kxe2 Nxf4+ 0-1

[Event "Challenge"]
[Site "http://www.queenalice.com/game.php?id=420230"]
[Date "2008.6.19"]
[Round "-"]
[White "mgmuller"]
[Black "presidentdalsace"]
[Result "0-1"]
[WhiteElo "1426"]
[BlackElo "1267"]

1. e4 d6 2. Bb5+ c6 3. Ba4 b5 4. Bb3 Nf6 5. Nc3 Qb6 6. d3 Ng4 7. Nh3 Nf6 8. Be3
c5 9. a4 b4 10. Nd5 Nxd5 11. Bxd5 Bb7 12. a5 Qa6 13. Bc4 Qc6 14. Bd5 Qd7 15. a6
Bxd5 16. exd5 g6 17. O-O Bg7 18. Ra2 Qf5 19. Nf4 g5 20. Nh5 Rg8 21. Ng3 Qxd5 22.
Qf3 Qxf3 23. gxf3 f5 24. Nxf5 Be5 25. Nh6 Rg6 26. Ng4 Bd4 27. Bxd4 cxd4 28. Re1
h5 29. Re4 hxg4 30. Rxg4 Nc6 31. c3 bxc3 32. bxc3 dxc3 33. Rc2 e5 34. Rxc3 Nd4
35. Kg2 Ne2 36. Rc2 Nf4+ 37. Kf1 Rb8 38. Rc1 d5 39. Ke1 Nxd3+ 40. Kd1 Nxf2+ 41.
Kd2 Nxg4 42. fxg4 Rxa6 43. Rc2 d4 44. Kd3 Ra3+ 45. Ke4 Re3+ 46. Kf5 d3 47. Ra2
e4 48. Kxg5 Rb5+ 49. Kf4 Re1 50. g5 e3 51. g6 e2 52. Ke3 Rb3 53. h4 Rg1 54. h5
e1=Q+ 55. Kd4 Rg5 0-1

[Event "lucianovdemelo-2"]
[Site "http://www.queenalice.com/game.php?id=427478"]
[Date "2008.7.4"]
[Round "2"]
[White "ramongarcia"]
[Black "presidentdalsace"]
[Result "1-0"]
[WhiteElo "2261"]
[BlackElo "1269"]

1. e4 Nc6 2. d4 d6 3. d5 Ne5 4. f4 Nd7 5. c4 g6 6. Bd2 Bg7 7. Bc3 Bxc3+ 8. Nxc3
c6 9. Nf3 Qb6 10. Qd4 Qxb2 11. Rb1 c5 12. Qxh8 1-0

[Event "QA-ANNIV-04"]
[Site "http://www.queenalice.com/game.php?id=445637"]
[Date "2008.8.8"]
[Round "2"]
[White "presidentdalsace"]
[Black "The_Lenda"]
[Result "0-1"]
[WhiteElo "1285"]
[BlackElo "1710"]

1. e3 g6 2. c3 Bg7 3. b3 a6 4. Qf3 e6 5. Nh3 Nc6 6. d4 d5 7. Ng5 Qxg5 8. h4 Qf6
9. Qg3 Qe7 10. Ba3 Qd7 11. Nd2 h6 12. h5 g5 13. f4 f6 14. fxg5 fxg5 15. Bd3 Nge7
16. O-O-O O-O 17. Bxe7 Nxe7 18. Qg4 Nf5 19. Rde1 Qe7 20. b4 a5 21. a3 axb4 0-1